Niên giám thống kê quận Ô Môn năm 2009

Sách tập hợp các số liệu về kinh tế , văn hóa, xã hội của Quận Ô Môn - thành phố Cần Thơ năm 2009, được thu thập chỉnh lý và hệ thống theo quy định chung của Tổng Cục Thống kê

Gorde:
Xehetasun bibliografikoak
Egile korporatiboa: Cục Thống kê thành phố Cần Thơ, Phòng thống kê Quận Ô Môn
Formatua: Liburua
Hizkuntza:Undetermined
Argitaratua: Cần Thơ Cục Thống kê thành phố Cần Thơ 2010
Gaiak:
Etiketak: Etiketa erantsi
Etiketarik gabe, Izan zaitez lehena erregistro honi etiketa jartzen!
Thư viện lưu trữ: Trung tâm Học liệu Trường Đại học Cần Thơ
LEADER 01130nam a2200229Ia 4500
001 CTU_161784
008 210402s9999 xx 000 0 und d
020 |c 132000 
082 |a 315.9793 
082 |b C506om/2009 
110 |a Cục Thống kê thành phố Cần Thơ 
110 |b Phòng thống kê Quận Ô Môn 
245 0 |a Niên giám thống kê quận Ô Môn năm 2009 
245 0 |c Cục Thống kê thành phố Cần Thơ. Phòng thống kê Quận Ô Môn 
260 |a Cần Thơ 
260 |b Cục Thống kê thành phố Cần Thơ 
260 |c 2010 
520 |a Sách tập hợp các số liệu về kinh tế , văn hóa, xã hội của Quận Ô Môn - thành phố Cần Thơ năm 2009, được thu thập chỉnh lý và hệ thống theo quy định chung của Tổng Cục Thống kê 
650 |a Statistics,Số liệu thống kê 
650 |z Vietnam,Can Tho,Cần Thơ,Việt Nam 
904 |i Huỳnh Mai 
980 |a Trung tâm Học liệu Trường Đại học Cần Thơ